Democracy and Social Transformation in Africa (Record no. 4521)

000 -LEADER
fixed length control field 00503nam a22001457a 4500
008 - FIXED-LENGTH DATA ELEMENTS--GENERAL INFORMATION
fixed length control field 161108b xxu||||| |||| 00| 0 eng d
020 ## - INTERNATIONAL STANDARD BOOK NUMBER
International Standard Book Number 9987-609-25-2
082 ## - DEWEY DECIMAL CLASSIFICATION NUMBER
Classification number 321.8 DEM
100 ## - MAIN ENTRY--PERSONAL NAME
Personal name Mushi, Samwel.- (Editor).-
245 ## - TITLE STATEMENT
Title Democracy and Social Transformation in Africa
Statement of responsibility, etc. Edited by Samwel S. Mushi, Rwekaza S. Mukandala and Saida Yahya Othman.-
Medium English.
260 ## - PUBLICATION, DISTRIBUTION, ETC. (IMPRINT)
Place of publication, distribution, etc. Dar Es Salaam:
Name of publisher, distributor, etc. REDET,
Date of publication, distribution, etc. 2004.
300 ## - PHYSICAL DESCRIPTION
Extent 219p.;
Dimensions 21cm.-
650 ## - SUBJECT ADDED ENTRY--TOPICAL TERM
Source of heading or term Systems of governments & states
942 ## - ADDED ENTRY ELEMENTS (KOHA)
Source of classification or shelving scheme
Koha item type BOOKS

No items available.

IRDP © 2019 :: Managed by IRDP ICT Unit